| 000 | 00378nam a22001577a 4500 | ||
|---|---|---|---|
| 003 | SGT | ||
| 020 | _a9789390977860 | ||
| 082 |
_a615.53 _bS24A |
||
| 100 | _aAGGARWAL, SARVESH KUMAR | ||
| 245 | _aSWASTHVRUTTA EVAM YOGA | ||
| 260 |
_aVARANASI _bCHAUKHAMBHA ORIN.PUB. _c2024 |
||
| 300 | _a528+20 | ||
| 650 | _aSWASTHVRUTTA | ||
| 653 | _aSWASTHVRUTTA, YOGA | ||
| 942 |
_2ddc _cBK _020 |
||
| 999 |
_c27465 _d27465 |
||